| 000 | 00674nam a2200193 4500 | ||
|---|---|---|---|
| 003 | NTShA | ||
| 005 | 20221213000040.0 | ||
| 008 | 221209b |||||||| |||| 00| 0 ukr d | ||
| 040 | _cNTShA | ||
| 100 | 1 | 0 |
_6880-01 _aЗлупко, Степан |
| 245 | 1 | 0 |
_6880-02 _aОснови історії економічної теорії |
| 260 | 3 | 0 |
_aЛьвів _bЛьвівського Національний університет імені Івана Франка _c2001 |
| 300 | 0 | 0 |
_a628 pages _c22 cm |
| 546 | 0 | 0 | _aUkrainian |
| 653 | 1 | 0 | _aEconomics - History |
| 880 | 1 | 0 |
_6100-01/(B _aZlupko, Stepan |
| 880 | 1 | 0 |
_6245-02/(B _aOsnovy istorii ekonomichnoi teorii |
| 942 | _cBK | ||
| 999 |
_c19121 _d19121 |
||